LEADER 01272nam a2200313 u 4500 001 000000066054 003 CaOOAMICUS 005 20070226121531.0 008 011220s1993 fr u000 u fre u 020 $a2204047228 035 $a10914940 040 $aPUL$bita 041 1 $afre$hger 245 00$aHabermas et la théologie /$csous la direction de Edmund Arens ; traduction de l'allemand par Denis Trierweiler. 260 $aParis :$bCerf,$c1993. 300 $a158 p. ;$c24 cm 490 1 $aCogitatio fidei ;$v178 500 $aTit. orig.: Habermas und die Theologie. 504 $aBibliografia in nota. 600 14$aHabermas, Jürgen,$d1929-$0(OLS)http://pul/subject/17635 700 1 $aTrierweiler, Denis.$0(OLS)http://pul/name/44327 700 1 $aArens, Edmund.$0(OLS)http://pul/name/31215 830 0$aCogitatio fidei ;$v178.$0(OLS)http://pul/title/876 850 $aPUL 852 $aPUL$W1$xSL Religione 2$y84$mTheol A13 178$j85417$nBK-PRI$b $qStampati altre collocazioni$B85417$CPULBib$Z2$F85417 $H $81 941 1 $a10 996 $6020$a2204047228$9(OLS)http://pul/number/85676 996 $6245$aHabermas et la théologie$9(OLS)http://pul/title/87762 996 $6260$aParis :$bCerf$9(OLS)http://pul/publisher/48238 LEADER 01356nam a2200313 a 4500 001 000000134344 003 CaOOAMICUS 005 20130612105915.0 008 130612s1986 it u000 u ita r 020 $a88-359-2931-8 040 $aPUL$bita 245 00$aFine della politica? :$bLa politica tra decisione e movimenti /$cBruno Accarino ... [et al.] ; a cura di Angelo Bolaffi e Massimo Ilardi. 260 $aRoma :$bEditori Riuniti,$c1986. 300 $aVII, 116 p. ;$c20 cm 490 1 $aUniversale scienze sociali ;$v166 504 $aBibliografia p. 114-116. 650 4$aPolitica$ySec. XX.$0(OLS)http://pul/subject/23018 700 1 $aAccarino, Bruno.$0(OLS)http://pul/name/81795 700 1 $aBolaffi, Angelo.$0(OLS)http://pul/name/48177 700 1 $aIlardi, Massimo.$0(OLS)http://pul/name/86552 830 0$aUniversale scienze sociali ;$v166.$0(OLS)http://pul/title/164943 850 $aPUL 852 $aPUL$W1$xDP1 Fondo E. Rossi$y115$m1 P 36$j154465$qFondi$B154015$CPULBib$Z2$F154015 $82 941 1 $a1 961 $aSul dorso collocazione ms. di E. Rossi: P 16 996 $6020$a88-359-2931-8$9(OLS)http://pul/number/153033 996 $6245$aFine della politica? :$bLa politica tra decisione e movimenti$9(OLS)http://pul/title/169882 996 $6260$aRoma :$bEditori Riuniti$9(OLS)http://pul/publisher/54152